[Event "XIV MIEDZYNARODOWY FESTIWAL SZACHOWY PER"]
[Site "LAZY"]
[Date "2018.07.02"]
[Round "8.3"]
[White "Krainski, Aleksander"]
[Black "Chomczyk, Marek"]
[Result "0-1"]
[WhiteElo "2203"]
[BlackElo "2247"]
[PlyCount "180"]
[EventDate "2018.??.??"]

1. e4 e5 2. Nf3 Nc6 3. Bc4 Bc5 4. d3 Nf6 5. O-O d6 6. c3 a6 7. a4 Ba7 8. Na3 h6
9. Re1 O-O 10. Nc2 Ne7 11. Be3 Bxe3 12. Nxe3 c6 13. Bb3 Re8 14. Bc2 Ng6 15. d4
Qc7 16. h3 a5 17. d5 Nf4 18. Qd2 Bd7 19. Nh2 cxd5 20. exd5 Qc5 21. Nhg4 N6xd5
22. Nxd5 Qxd5 23. Qxd5 Nxd5 24. Rad1 Be6 25. Be4 Nb6 26. Bxb7 Rab8 27. Bc6 Red8
28. b4 Rbc8 29. Bb5 Nd5 30. bxa5 Nxc3 31. Rc1 Bd7 32. Bxd7 Rxd7 33. Kf1 Rc5 34.
Ne3 d5 35. Nd1 d4 36. Nxc3 dxc3 37. Re3 c2 38. Ke2 f6 39. Ra3 Rdc7 40. Kd3 Rd5+
41. Ke2 Rxa5 42. Ra2 Rc4 43. Rcxc2 Rxc2+ 44. Rxc2 Rxa4 45. Rc7 Kh7 46. g3 Kg6
47. h4 f5 48. Re7 e4 49. Rb7 Ra2+ 50. Ke3 Ra3+ 51. Ke2 Ra6 52. Ke3 Kf6 53. Rc7
g6 54. Rc8 g5 55. hxg5+ hxg5 56. Rc3 Kg6 57. g4 fxg4 58. Kxe4 Rf6 59. Rg3 Kh5
60. Ke3 Re6+ 61. Kd2 Kh4 62. Rg1 Kh3 63. Rg3+ Kh4 64. Rg1 Kh5 65. Rg3 Re4 66.
Rg1 Kg6 67. Rg3 Kf5 68. Rb3 Ke5 69. Ra3 Kf4 70. Rb3 Kf5 71. Ra3 Kg6 72. Rg3 Kh5
73. Rg1 Re6 74. Rg3 Re7 75. Rg1 Ra7 76. Rg3 Kh4 77. Ke2 Ra1 78. Rb3 Rg1 79. Rb8
Kh3 80. Rh8+ Kg2 81. Rg8 Rf1 82. Rxg5 Rxf2+ 83. Ke1 g3 84. Rg8 Rf7 85. Rg6 Kh2
86. Rg8 g2 87. Rh8+ Kg3 88. Rg8+ Kf3 89. Rg6 Re7+ 90. Kd2 Re4 0-1

[Event "XIV MIEDZYNARODOWY FESTIWAL SZACHOWY PER"]
[Site "LAZY"]
[Date "2018.07.02"]
[Round "8.4"]
[White "Luba, Lukasz"]
[Black "Garbowski, Jakub"]
[Result "1/2-1/2"]
[WhiteElo "2094"]
[BlackElo "2138"]
[PlyCount "136"]
[EventDate "2018.??.??"]

1. d4 Nf6 2. c4 g6 3. Nc3 d5 4. h3 Bg7 5. Bf4 O-O 6. g4 c6 7. e3 dxc4 8. Bxc4
Nbd7 9. Be2 Qa5 10. Qd2 c5 11. d5 Nb6 12. e4 Na4 13. Nxa4 Qxa4 14. f3 e6 15. d6
e5 16. Bg5 Be6 17. h4 Rad8 18. h5 Qd4 19. Qxd4 cxd4 20. h6 Bh8 21. f4 exf4 22.
e5 Nxg4 23. Bxg4 Bxg4 24. Rh4 f6 25. exf6 Rde8+ 26. Kd2 Bf5 27. Rxf4 Bxf6 28.
Nf3 Rd8 29. Rc1 Rxd6 30. Bxf6 Rfxf6 31. Rxd4 Bg4 32. Rxd6 Rxd6+ 33. Ke3 Re6+
34. Kf4 Bxf3 35. Kxf3 Kf7 36. Kg4 Re4+ 37. Kg5 Re5+ 38. Kg4 Kf6 39. Rf1+ Rf5
40. Rc1 Ke6 41. Re1+ Kd7 42. Rd1+ Kc7 43. Rc1+ Kd7 44. Rd1+ Ke7 45. Re1+ Kf6
46. Rc1 Rg5+ 47. Kf4 Rh5 48. Rc7 Rxh6 49. Rxb7 Rh4+ 50. Kg3 Ra4 51. Rxh7 Rxa2
52. b4 Kg5 53. b5 Ra3+ 54. Kf2 Kg4 55. Rb7 g5 56. b6 Ra2+ 57. Kg1 axb6 58. Rxb6
Ra3 59. Kg2 Ra2+ 60. Kg1 Kh4 61. Rb4+ g4 62. Rb3 Rc2 63. Ra3 Re2 64. Rb3 Kg5
65. Kf1 Re4 66. Rb2 Kf4 67. Kg2 Ra4 68. Rc2 Rb4 1/2-1/2

[Event "XIV MIEDZYNARODOWY FESTIWAL SZACHOWY PER"]
[Site "LAZY"]
[Date "2018.07.02"]
[Round "8.5"]
[White "Siembab, Bartosz"]
[Black "Zarebska, Lena"]
[Result "1/2-1/2"]
[WhiteElo "2136"]
[BlackElo "1817"]
[PlyCount "27"]
[EventDate "2018.??.??"]

1. d4 Nf6 2. Nf3 c5 3. d5 d6 4. c4 b5 5. cxb5 a6 6. b6 Qxb6 7. Nc3 g6 8. e4 Bg7
9. Be2 O-O 10. O-O a5 11. e5 Nfd7 12. exd6 exd6 13. a4 Ne5 14. Nb5 1/2-1/2

[Event "XIV MIEDZYNARODOWY FESTIWAL SZACHOWY PER"]
[Site "LAZY"]
[Date "2018.07.02"]
[Round "8.6"]
[White "Stachanczyk, Jacek"]
[Black "Czarniecka, Aleksandra"]
[Result "1/2-1/2"]
[WhiteElo "2223"]
[BlackElo "1983"]
[PlyCount "106"]
[EventDate "2018.??.??"]

1. c4 Nf6 2. g3 g6 3. Bg2 Bg7 4. Nc3 O-O 5. e4 d6 6. Nge2 Nc6 7. O-O e5 8. d3
Nd7 9. Nd5 Nc5 10. b4 Ne6 11. Bb2 Ncd4 12. b5 c6 13. bxc6 bxc6 14. Nb4 Nxe2+
15. Qxe2 Qb6 16. Bc3 Rb8 17. Nc2 Ng5 18. Qe3 Qxe3 19. fxe3 Bg4 20. Rfb1 Rfe8
21. Rb3 Bh6 22. Rab1 Rxb3 23. axb3 Ne6 24. Kf2 Nc5 25. Bf1 Rb8 26. b4 Be6 27.
Ra1 Nd7 28. Rxa7 Nf6 29. Bd2 Ng4+ 30. Kg2 f5 31. h3 Nf6 32. exf5 Bxf5 33. Bc3
Rf8 34. e4 Nxe4 35. Be1 Nd2 36. Bxd2 Bxd2 37. g4 Be6 38. Re7 Bf7 39. Be2 Ra8
40. Kf3 Ra2 41. Bd1 Rb2 42. Rc7 Bxb4 43. Nxb4 Rxb4 44. Rxc6 d5 45. Ke3 dxc4 46.
dxc4 Rxc4 47. Rxc4 Bxc4 48. Ke4 Bf1 49. Kxe5 Bxh3 50. Kf6 Kf8 51. Bc2 Bxg4 52.
Bxg6 h5 53. Bxh5 Bxh5 1/2-1/2

[Event "XIV MIEDZYNARODOWY FESTIWAL SZACHOWY PER"]
[Site "LAZY"]
[Date "2018.07.02"]
[Round "8.7"]
[White "Oborski, Artur"]
[Black "Wisniewski, Michal"]
[Result "1-0"]
[WhiteElo "1801"]
[BlackElo "2204"]
[PlyCount "64"]
[EventDate "2018.??.??"]

1. e4 g6 2. d4 Bg7 3. Nc3 c5 4. Nf3 cxd4 5. Nxd4 Nc6 6. Be3 Nf6 7. Bc4 Nxe4 8.
Nxe4 d5 9. Bb5 Bd7 10. Bxc6 bxc6 11. Ng3 e5 12. Nb3 f5 13. Bc5 a5 14. a4 Qg5
15. h4 Qf6 16. Qd2 f4 17. Nf1 Kf7 18. f3 Rhb8 19. O-O-O h5 20. Qe2 Bf5 21. Nfd2
Rb7 22. Ba3 Rab8 23. Nc5 Rxb2 24. Bxb2 Rxb2 25. Nde4 Bxe4 26. Nxe4 Qe7 27. Kxb2
Qb4+ 28. Kc1 Bf8 29. c3 Qxa4 30. Ng5+ Kf6 31. Qc2 Ba3+ 32. Kd2 Qc4 1-0

[Event "XIV MIEDZYNARODOWY FESTIWAL SZACHOWY PER"]
[Site "LAZY"]
[Date "2018.07.02"]
[Round "8.8"]
[White "Syrkiewicz, Michal"]
[Black "Krainski, Slawomir"]
[Result "1/2-1/2"]
[WhiteElo "1799"]
[BlackElo "2136"]
[PlyCount "83"]
[EventDate "2018.??.??"]

1. e4 e6 2. d4 d5 3. Nc3 Nf6 4. Bg5 Be7 5. e5 Nfd7 6. h4 Nc6 7. Bxe7 Qxe7 8.
Nf3 a6 9. a3 Nb6 10. Bd3 Bd7 11. Ne2 O-O-O 12. Qd2 f6 13. O-O-O fxe5 14. dxe5
Na7 15. Qg5 Qc5 16. Nfd4 Qf8 17. Nf3 c5 18. Nc3 Kb8 19. Kb1 Rc8 20. Be2 Nc6 21.
Rh3 h6 22. Qg4 Ne7 23. h5 Nf5 24. Nh4 Nxh4 25. Qxh4 Qf5 26. Qg3 d4 27. Bg4 Qh7
28. Ne2 Rhe8 29. Qd3 Qxd3 30. Rhxd3 Bb5 31. Rg3 Bxe2 32. Bxe2 Re7 33. Bf3 Nc4
34. Re1 Rf8 35. Be2 Nxe5 36. Bxa6 Rf5 37. f4 bxa6 38. Rxe5 Rxe5 39. fxe5 Kc7
40. c4 dxc3 41. bxc3 Rf7 42. Rg6 1/2-1/2

[Event "XIV MIEDZYNARODOWY FESTIWAL SZACHOWY PER"]
[Site "LAZY"]
[Date "2018.07.02"]
[Round "8.9"]
[White "Niedbala, Bartlomiej"]
[Black "Hrymowicz, Artur"]
[Result "1-0"]
[WhiteElo "1977"]
[BlackElo "2123"]
[PlyCount "69"]
[EventDate "2018.??.??"]

1. e4 c5 2. Nf3 d6 3. d4 cxd4 4. Nxd4 Nf6 5. Nc3 a6 6. h3 g6 7. g4 Bg7 8. Bg2
h5 9. g5 Nfd7 10. Be3 O-O 11. Qd2 Nc6 12. O-O-O Nb6 13. b3 a5 14. a4 Nb4 15. f4
Bd7 16. Kb1 Rc8 17. Rc1 Na8 18. Rhf1 Nc7 19. f5 Be5 20. Rf2 Nca6 21. Rcf1 Qc7
22. Ncb5 Qb8 23. c3 Nc6 24. h4 Nc5 25. Kb2 Na7 26. Nxa7 Qxa7 27. fxg6 fxg6 28.
Rxf8+ Rxf8 29. Rxf8+ Kxf8 30. Qf2+ Kg8 31. Bf1 Qb6 32. Bc4+ e6 33. Nxe6 Bxc3+
34. Kc2 Bxe6 35. Bxe6+ 1-0

[Event "XIV MIEDZYNARODOWY FESTIWAL SZACHOWY PER"]
[Site "LAZY"]
[Date "2018.07.02"]
[Round "8.10"]
[White "Wacior, Maciej"]
[Black "Wieczorek, Mikolaj"]
[Result "1-0"]
[WhiteElo "2110"]
[BlackElo "1726"]
[PlyCount "69"]
[EventDate "2018.??.??"]

1. d4 Nf6 2. Nf3 c5 3. e3 b6 4. Be2 Bb7 5. b3 g6 6. Bb2 Bg7 7. O-O O-O 8. Nbd2
d6 9. Re1 Nbd7 10. c3 Qc7 11. Bd3 e5 12. e4 Rad8 13. d5 Nh5 14. g3 Bc8 15. a4
a6 16. Qe2 Nb8 17. b4 h6 18. a5 b5 19. c4 bxc4 20. Nxc4 f5 21. Nh4 f4 22. Nxg6
f3 23. Qe3 Rf6 24. Nh4 Rdf8 25. bxc5 Qd7 26. cxd6 Nf4 27. Nxe5 Qxd6 28. Nexf3
Nxd3 29. Qxd3 Rxf3 30. Nxf3 Bxb2 31. Rab1 Bg7 32. e5 Rxf3 33. Qxf3 Bxe5 34. Rb6
Qe7 35. Rxb8 1-0

[Event "XIV MIEDZYNARODOWY FESTIWAL SZACHOWY PER"]
[Site "LAZY"]
[Date "2018.07.02"]
[Round "8.11"]
[White "Luczak, Filip"]
[Black "Zelak, Wladyslaw"]
[Result "1-0"]
[WhiteElo "2044"]
[BlackElo "1779"]
[PlyCount "105"]
[EventDate "2018.??.??"]

1. Nf3 Nf6 2. g3 g6 3. Bg2 Bg7 4. O-O O-O 5. d4 d6 6. Re1 Nbd7 7. e4 e5 8. Nc3
c6 9. a4 a5 10. h3 Nh5 11. Be3 Qe8 12. d5 c5 13. Nb5 Qe7 14. Nd2 Nb6 15. c3 Bd7
16. Qb3 Bxb5 17. Qxb5 Nd7 18. Bf3 Nhf6 19. Nc4 Rfb8 20. Nxa5 Ne8 21. Nc4 f5 22.
exf5 gxf5 23. Bg2 Kh8 24. a5 Ra6 25. Nb6 Nxb6 26. axb6 Rba8 27. Rxa6 Rxa6 28.
b4 cxb4 29. c4 Ra2 30. Qxb4 e4 31. c5 dxc5 32. Bxc5 Qd7 33. Rd1 Rb2 34. Qa3 h5
35. Bf1 Kh7 36. d6 Rc2 37. Bb4 Be5 38. Rd5 Bf6 39. Bb5 Qd8 40. d7 Ng7 41. Rc5
Rxc5 42. Bxc5 Ne6 43. Be3 Nd4 44. Qc5 Nf3+ 45. Kg2 Kg6 46. Bf4 Qa8 47. Qc8 Qa1
48. Qc1 Qa5 49. Qc4 Qxb6 50. Qg8+ Bg7 51. d8=Q Ne1+ 52. Kh1 Qxf2 53. Be8# 1-0

[Event "XIV MIEDZYNARODOWY FESTIWAL SZACHOWY PER"]
[Site "LAZY"]
[Date "2018.07.02"]
[Round "8.12"]
[White "Trybus, Daniel"]
[Black "Majek, Kacper"]
[Result "0-1"]
[WhiteElo "1793"]
[BlackElo "2034"]
[PlyCount "58"]
[EventDate "2018.??.??"]

1. g3 Nf6 2. Bg2 g6 3. Nf3 Bg7 4. O-O O-O 5. d3 d6 6. e4 e5 7. Nc3 c6 8. Nh4
Be6 9. f4 exf4 10. Bxf4 Qb6+ 11. Kh1 Qxb2 12. Ne2 Ng4 13. Rb1 Qxa2 14. Rxb7 Nd7
15. h3 Nge5 16. d4 Nc4 17. d5 Nc5 18. Rb4 cxd5 19. exd5 Bd7 20. Rf3 a5 21. Nc1
axb4 22. Nxa2 Rxa2 23. Kh2 Ba4 24. Qf1 Rxc2 25. Rf2 Rxf2 26. Qxf2 b3 27. Bf1 b2
28. Qe1 Na3 29. Bxd6 b1=Q 0-1

[Event "XIV MIEDZYNARODOWY FESTIWAL SZACHOWY PER"]
[Site "LAZY"]
[Date "2018.07.02"]
[Round "8.13"]
[White "Kruczynski, Marek"]
[Black "Hilarecki, Grzegorz"]
[Result "0-1"]
[WhiteElo "1731"]
[BlackElo "2023"]
[PlyCount "120"]
[EventDate "2018.??.??"]

1. e4 d5 2. exd5 Qxd5 3. Nc3 Qa5 4. h3 Nf6 5. d4 Bf5 6. Nf3 e6 7. Bc4 c6 8. Bd2
Bb4 9. a3 Bxc3 10. Bxc3 Qc7 11. Ne5 Nbd7 12. O-O O-O 13. f4 Rfd8 14. Qe2 c5 15.
g4 Bg6 16. f5 exf5 17. gxf5 Bh5 18. Ng4 Qg3+ 19. Qg2 Qxg2+ 20. Kxg2 Bxg4 21.
hxg4 Nxg4 22. Rf3 cxd4 23. Bxd4 Nge5 24. Bxe5 Nxe5 25. Rc3 Rac8 26. Bb3 Rxc3
27. bxc3 Kf8 28. Rh1 h6 29. f6 Rd6 30. fxg7+ Kxg7 31. Rh5 f6 32. Kg3 Kg6 33.
Rh4 Kg5 34. Re4 h5 35. Ra4 a6 36. Rb4 b6 37. a4 f5 38. Rd4 Rc6 39. c4 Rf6 40.
Rd5 h4+ 41. Kh3 Ng4 42. c5 bxc5 43. Rxc5 Rd6 44. Bd5 Kf4 45. c4 Nf2+ 46. Kh2
Rb6 47. Rc8 Rb2 48. Rh8 h3 49. Kg1 Kg3 50. Kf1 h2 51. c5 h1=Q+ 52. Bxh1 Nxh1
53. c6 Rc2 54. Rc8 Kf3 55. Ke1 Ng3 56. c7 f4 57. Ra8 Rxc7 58. Rxa6 Ne4 59. Kd1
Ke3 60. Re6 f3 0-1

[Event "XIV MIEDZYNARODOWY FESTIWAL SZACHOWY PER"]
[Site "LAZY"]
[Date "2018.07.02"]
[Round "8.15"]
[White "Grzesik, Gracjan"]
[Black "Daliga, Anita"]
[Result "1-0"]
[WhiteElo "1884"]
[BlackElo "1605"]
[PlyCount "87"]
[EventDate "2018.??.??"]

1. c4 c5 2. Nc3 g6 3. g3 Bg7 4. Bg2 Nc6 5. d3 Nf6 6. e4 d6 7. Nge2 e5 8. O-O
Be6 9. h3 Qd7 10. Kh2 h5 11. Nd5 Bxd5 12. cxd5 Ne7 13. f4 Nh7 14. Rb1 f5 15.
fxe5 Bxe5 16. Bf4 h4 17. d4 cxd4 18. Nxd4 hxg3+ 19. Bxg3 Bxg3+ 20. Kxg3 Ng5 21.
exf5 Nxf5+ 22. Nxf5 gxf5 23. Qe2+ Kd8 24. h4 Nf7 25. Qe6 Qxe6 26. dxe6 Nh6 27.
Rbc1 Rg8+ 28. Kh3 Rg6 29. Rfe1 Ng8 30. a4 Rb8 31. a5 Ne7 32. Rc3 b5 33. Rd3 d5
34. Bxd5 Nxd5 35. Rxd5+ Ke7 36. Rd7+ Ke8 37. Rxa7 Rd8 38. e7 Rd3+ 39. Kh2 Rd2+
40. Kh1 Rgg2 41. Ra8+ Kf7 42. e8=Q+ Kf6 43. Ra6+ Kg7 44. Re7# 1-0

[Event "XIV MIEDZYNARODOWY FESTIWAL SZACHOWY PER"]
[Site "LAZY"]
[Date "2018.07.02"]
[Round "8.16"]
[White "Hasterok, Mateusz"]
[Black "Karwacki, Piotr"]
[Result "1/2-1/2"]
[WhiteElo "1837"]
[BlackElo "1828"]
[PlyCount "74"]
[EventDate "2018.??.??"]

1. d4 d5 2. c4 Nc6 3. Nc3 dxc4 4. Nf3 Bg4 5. d5 Na5 6. Qa4+ c6 7. b4 b5 8. Qxa5
Qxa5 9. bxa5 b4 10. Ne5 bxc3 11. Nxg4 cxd5 12. Ba3 Rb8 13. O-O-O e6 14. Bxf8
Kxf8 15. e4 Rb5 16. Kc2 Rxa5 17. Kxc3 h5 18. Ne3 Nf6 19. exd5 exd5 20. Kb4 Rxa2
21. Nxd5 Nxd5+ 22. Rxd5 Ke7 23. Bxc4 Rxf2 24. Re1+ Kf6 25. Rf1 Rb8+ 26. Kc3
Rxf1 27. Bxf1 h4 28. h3 Rb1 29. Be2 Rc1+ 30. Kd2 Rg1 31. Bf3 Ra1 32. Rd7 Ke6
33. Rc7 g5 34. Rc6+ Ke5 35. Rc5+ Kf4 36. Rc4+ Ke5 37. Rc5+ Kf4 1/2-1/2

[Event "XIV MIEDZYNARODOWY FESTIWAL SZACHOWY PER"]
[Site "LAZY"]
[Date "2018.07.02"]
[Round "8.17"]
[White "Jarocka, Liwia"]
[Black "Madej, Marek"]
[Result "1-0"]
[WhiteElo "1984"]
[BlackElo "1786"]
[PlyCount "51"]
[EventDate "2018.??.??"]

1. e4 c5 2. Nf3 e6 3. d4 cxd4 4. Nxd4 Nc6 5. Nc3 Qc7 6. Be2 a6 7. O-O Nf6 8.
Be3 b5 9. Nxc6 Qxc6 10. e5 Bb7 11. Bf3 Nd5 12. Nxd5 exd5 13. c3 d6 14. Qd4 dxe5
15. Qxe5+ Qe6 16. Qd4 Bd6 17. Rad1 Be5 18. Qb6 Rb8 19. Rfe1 O-O 20. Qxe6 fxe6
21. Ba7 Ra8 22. Rxe5 Rxa7 23. Rxe6 Raa8 24. Re7 Bc6 25. Rc7 Rf6 26. Rxc6 1-0

[Event "XIV MIEDZYNARODOWY FESTIWAL SZACHOWY PER"]
[Site "LAZY"]
[Date "2018.07.02"]
[Round "8.18"]
[White "Koloczek, Maciej"]
[Black "Rogala, Milosz"]
[Result "0-1"]
[WhiteElo "1961"]
[BlackElo "1707"]
[PlyCount "58"]
[EventDate "2018.??.??"]

1. e4 c6 2. d4 d5 3. f3 e5 4. dxe5 Bc5 5. Nc3 Qb6 6. Na4 Bf2+ 7. Ke2 Qd4 8.
Qxd4 Bxd4 9. f4 dxe4 10. Be3 Bxe3 11. Kxe3 f5 12. Bc4 Ne7 13. Nc5 b6 14. Ne6
Bxe6 15. Bxe6 Na6 16. a3 Nc7 17. Bxf5 Nxf5+ 18. Kxe4 O-O 19. g4 Ne7 20. f5 Rad8
21. Nf3 c5 22. Rad1 Nc8 23. Ng5 h6 24. Nh3 Rfe8 25. e6 Nxe6 26. fxe6 Rxe6+ 27.
Kf5 Rf6+ 28. Ke4 Re8+ 29. Kd3 Rf3+ 0-1

[Event "XIV MIEDZYNARODOWY FESTIWAL SZACHOWY PER"]
[Site "LAZY"]
[Date "2018.07.02"]
[Round "8.19"]
[White "Majocha, Piotr"]
[Black "Sypien, Natan"]
[Result "1/2-1/2"]
[WhiteElo "1902"]
[BlackElo "1774"]
[PlyCount "24"]
[EventDate "2018.??.??"]

1. c4 b6 2. Nc3 Bb7 3. d4 e6 4. a3 Nf6 5. Nf3 Be7 6. Bf4 O-O 7. e3 Nh5 8. Bg3
d5 9. Be2 dxc4 10. Bxc4 Nd7 11. O-O Nxg3 12. hxg3 c5 1/2-1/2

[Event "XIV MIEDZYNARODOWY FESTIWAL SZACHOWY PER"]
[Site "LAZY"]
[Date "2018.07.02"]
[Round "8.20"]
[White "Podgorski, Maciej"]
[Black "Luberanski, Jakub"]
[Result "0-1"]
[WhiteElo "1852"]
[BlackElo "1762"]
[PlyCount "86"]
[EventDate "2018.??.??"]

1. e4 c5 2. Nf3 e6 3. d4 cxd4 4. Nxd4 Nf6 5. Nc3 d6 6. Be3 a6 7. f3 b5 8. Qd2
Nbd7 9. O-O-O Bb7 10. Bd3 Nb6 11. g4 Rc8 12. Kb1 Nfd7 13. h4 Be7 14. g5 Ne5 15.
b3 Qc7 16. Nce2 d5 17. h5 dxe4 18. Bxe4 Nd5 19. Bxd5 Bxd5 20. Rdf1 Rd8 21. Qe1
Qb7 22. Qg3 Nc6 23. g6 Bc5 24. Rd1 Nxd4 25. Bxd4 Bxd4 26. Nxd4 hxg6 27. hxg6
Rxh1 28. Rxh1 f6 29. Rh8+ Kd7 30. Rxd8+ Kxd8 31. Qd6+ Qd7 32. Qxa6 e5 33. Nxb5
Bxf3 34. Qd6 Qxd6 35. Nxd6 Bh5 36. Nf7+ Ke7 37. Nh8 f5 38. Kc1 f4 39. Kd2 e4
40. a4 e3+ 41. Ke1 f3 42. a5 f2+ 43. Kf1 Bg4 0-1

[Event "XIV MIEDZYNARODOWY FESTIWAL SZACHOWY PER"]
[Site "LAZY"]
[Date "2018.07.02"]
[Round "8.21"]
[White "Pluta, Natalia"]
[Black "Hampel, Anna"]
[Result "1-0"]
[WhiteElo "1826"]
[BlackElo "1728"]
[PlyCount "93"]
[EventDate "2018.??.??"]

1. c4 e6 2. g3 Nf6 3. Bg2 d5 4. Nf3 Be7 5. O-O O-O 6. d4 dxc4 7. Ne5 Nbd7 8.
Nxc4 c5 9. e3 Rb8 10. Nc3 b5 11. Ne5 Nxe5 12. dxe5 Nd7 13. f4 Qb6 14. Kh1 Rd8
15. Qc2 Bb7 16. e4 c4 17. Bd2 Nc5 18. Be3 Rd3 19. Qf2 Qc6 20. f5 exf5 21. Qxf5
Qe8 22. Bxc5 Bxc5 23. e6 Qf8 24. exf7+ Kh8 25. Nd5 Rd8 26. Nf4 Bc8 27. Qh5 Qd6
28. e5 Qh6 29. Qxh6 gxh6 30. e6 Rd2 31. Rae1 Be7 32. Bc6 Kg7 33. Nh5+ Kf8 34.
Nf6 Kg7 35. Ne8+ Kf8 36. Nf6 Kg7 37. Nh5+ Kf8 38. Nf4 R8d6 39. Be4 Bxe6 40.
Bxh7 Bd5+ 41. Nxd5 R6xd5 42. Rxe7 Rd8 43. Re3 Rd1 44. Ref3 R1d2 45. R3f2 Rd1
46. Kg2 a6 47. Bg6 1-0

[Event "XIV MIEDZYNARODOWY FESTIWAL SZACHOWY PER"]
[Site "LAZY"]
[Date "2018.07.02"]
[Round "8.22"]
[White "Wojtas, Julia"]
[Black "Krzywnicka, Maria"]
[Result "1-0"]
[WhiteElo "1483"]
[BlackElo "1845"]
[PlyCount "55"]
[EventDate "2018.??.??"]

1. e4 c5 2. Nf3 d6 3. d4 cxd4 4. Nxd4 Nf6 5. Nc3 a6 6. a4 e5 7. Nb3 Be6 8. Be2
Be7 9. O-O O-O 10. Kh1 h6 11. f4 Qc7 12. f5 Bd7 13. Be3 Bc6 14. Bf3 Nbd7 15. a5
b5 16. axb6 Nxb6 17. Qe2 Bb7 18. Na5 Bc8 19. g4 Rb8 20. Qg2 Nc4 21. Nxc4 Qxc4
22. g5 hxg5 23. Bxg5 Bb7 24. Bh6 Ne8 25. Be2 Qb4 26. f6 Kh7 27. Bxg7 Rg8 28.
Qh3+ 1-0

[Event "XIV MIEDZYNARODOWY FESTIWAL SZACHOWY PER"]
[Site "LAZY"]
[Date "2018.07.02"]
[Round "8.23"]
[White "Saweczko, Tomasz"]
[Black "Kindler, Karolina"]
[Result "1-0"]
[WhiteElo "1615"]
[BlackElo "1784"]
[PlyCount "49"]
[EventDate "2018.??.??"]

1. e4 c5 2. Nc3 e6 3. f4 d6 4. Nf3 Nf6 5. Bb5+ Bd7 6. O-O a6 7. Bxd7+ Qxd7 8.
d3 Be7 9. Qe1 Nc6 10. e5 dxe5 11. fxe5 Nd5 12. Ne4 Ndb4 13. Qf2 Nd4 14. Nxd4
Qxd4 15. Be3 Qxe5 16. Qxf7+ Kd8 17. Bf4 Qd4+ 18. Kh1 Nxc2 19. Bc7+ Kxc7 20.
Qxe7+ Kb6 21. Rf7 Rab8 22. Rc1 Ne3 23. Nxc5 Rhc8 24. Qxe6+ Kb5 25. Rxb7+ 1-0

[Event "XIV MIEDZYNARODOWY FESTIWAL SZACHOWY PER"]
[Site "LAZY"]
[Date "2018.07.02"]
[Round "8.24"]
[White "Dytman, Radoslaw"]
[Black "Zabron, Maksym"]
[Result "1-0"]
[WhiteElo "1722"]
[BlackElo "1694"]
[PlyCount "139"]
[EventDate "2018.??.??"]

1. e4 c5 2. Nf3 d6 3. d4 cxd4 4. Nxd4 Nf6 5. Nc3 g6 6. Be3 Bg7 7. f3 Nc6 8. Qd2
O-O 9. O-O-O Bd7 10. g4 Rc8 11. h4 h5 12. gxh5 Nxh5 13. Rg1 Ne5 14. Bh6 Nc4 15.
Bxc4 Rxc4 16. Bxg7 Kxg7 17. Qg5 Kh7 18. Nf5 Bxf5 19. exf5 Rg8 20. Nd5 Nf6 21.
h5 gxf5 22. Nxf6+ exf6 23. Qxf5+ Kh8 24. Rxg8+ Kxg8 25. Rg1+ Kh8 26. f4 Rc5 27.
Qg4 Qf8 28. h6 Kh7 29. b3 Rb5 30. a4 Rd5 31. c4 Rc5 32. Kb2 a5 33. Kc3 b6 34.
Kd4 Qh8 35. Qg7+ Qxg7 36. Rxg7+ Kxh6 37. Rxf7 Kg6 38. Rd7 Rc6 39. Kd5 Rc5+ 40.
Ke4 Rc6 41. f5+ Kg5 42. Rg7+ Kh6 43. Rg6+ Kh7 44. Kd5 Rc5+ 45. Ke4 Re5+ 46. Kf4
Re1 47. Rxf6 Rb1 48. Rxd6 Rxb3 49. Ke5 Kg7 50. Kd5 Rb4 51. Rc6 Kf7 52. f6 Rb1
53. Rd6 Rb4 54. Rc6 Rb1 55. Ke5 Rb2 56. Rc7+ Kf8 57. Ke6 Re2+ 58. Kd7 Ra2 59.
Ke6 Re2+ 60. Kd7 Ra2 61. Kc6 Rb2 62. Rb7 Rb4 63. Kd5 Rb1 64. Ke6 Re1+ 65. Kd6
Rb1 66. Kc6 Rb4 67. Rxb6 Kf7 68. c5 Kxf6 69. Kd5+ Ke7 70. Rxb4 1-0

[Event "XIV MIEDZYNARODOWY FESTIWAL SZACHOWY PER"]
[Site "LAZY"]
[Date "2018.07.02"]
[Round "8.26"]
[White "Szydelko, Michal"]
[Black "Topola, Rafal"]
[Result "1-0"]
[WhiteElo "1713"]
[BlackElo "1570"]
[PlyCount "105"]
[EventDate "2018.??.??"]

1. e4 c5 2. c3 d5 3. exd5 Qxd5 4. d4 e6 5. Nf3 Nf6 6. Be2 Nc6 7. O-O Be7 8. h3
O-O 9. Be3 b6 10. c4 Qd8 11. dxc5 Bxc5 12. Bxc5 bxc5 13. Nc3 Nd4 14. Nb5 Nxe2+
15. Qxe2 Qb6 16. Rad1 a6 17. Nc3 Bb7 18. Rd2 Rad8 19. Rfd1 Rxd2 20. Rxd2 Rd8
21. Na4 Rxd2 22. Qxd2 Qc7 23. Qe3 Ne4 24. Nd2 Nxd2 25. Qxd2 h6 26. f3 Qe5 27.
Qf2 Qd4 28. b3 Qd1+ 29. Kh2 Qd6+ 30. g3 Qd1 31. Kg2 h5 32. Nxc5 Bc6 33. h4 e5
34. Ne4 Qd3 35. Nc5 Qd1 36. a4 f5 37. b4 e4 38. b5 exf3+ 39. Kh2 Qe2 40. Qxe2
fxe2 41. Nd3 Be4 42. Ne1 axb5 43. cxb5 Kf7 44. Kg1 Ke7 45. Kf2 Kd6 46. Kxe2 Kc5
47. Ke3 Kb4 48. Nd3+ Kxa4 49. Nc5+ Kxb5 50. Nxe4 fxe4 51. Kxe4 Kc4 52. Kf5 Kd4
53. Kg6 1-0

[Event "XIV MIEDZYNARODOWY FESTIWAL SZACHOWY PER"]
[Site "LAZY"]
[Date "2018.07.02"]
[Round "8.27"]
[White "Wasala, Wiktoria"]
[Black "Wojdak, Jan"]
[Result "0-1"]
[WhiteElo "1521"]
[BlackElo "1712"]
[PlyCount "106"]
[EventDate "2018.??.??"]

1. e4 c5 2. Nc3 Nc6 3. f4 g6 4. Nf3 Bg7 5. g3 d6 6. Bg2 e6 7. d3 Nge7 8. Be3
O-O 9. O-O Nd4 10. Rb1 Nec6 11. Ne2 d5 12. Nexd4 cxd4 13. Bf2 dxe4 14. dxe4 e5
15. Qd3 f6 16. Qb3+ Kh8 17. Rbd1 Qe7 18. fxe5 fxe5 19. c3 Be6 20. Qc2 Rac8 21.
Qd2 Rfd8 22. cxd4 Nxd4 23. Nxd4 exd4 24. b3 b6 25. Rc1 Rc3 26. Kh1 a5 27. Bxd4
Rxc1 28. Bxg7+ Kxg7 29. Qxc1 Qc5 30. Qxc5 bxc5 31. Rc1 Rd2 32. h4 Rxa2 33. Rxc5
Bxb3 34. e5 a4 35. Rc7+ Kg8 36. Bh3 Re2 37. Rc8+ Kg7 38. Rc7+ Kh6 39. g4 g5 40.
hxg5+ Kxg5 41. Rxh7 Rxe5 42. Ra7 Kf4 43. Kg2 Re2+ 44. Kg1 Ra2 45. Rc7 a3 46.
Rc1 Rb2 47. Rf1+ Kg3 48. g5 Kxh3 49. g6 Rg2+ 50. Kh1 Bd5 51. Rf5 Rf2+ 52. Kg1
Rxf5 53. g7 Bg2 0-1

[Event "XIV MIEDZYNARODOWY FESTIWAL SZACHOWY PER"]
[Site "LAZY"]
[Date "2018.07.03"]
[Round "9.1"]
[White "Karpus, Michal"]
[Black "Krainski, Aleksander"]
[Result "1-0"]
[WhiteElo "2364"]
[BlackElo "2203"]
[PlyCount "89"]
[EventDate "2018.??.??"]

1. e4 e5 2. Nf3 Nc6 3. Bb5 Nf6 4. O-O d6 5. d4 exd4 6. Nxd4 Bd7 7. c4 Be7 8.
Nc3 O-O 9. h3 a6 10. Bxc6 Bxc6 11. Nxc6 bxc6 12. Bf4 Nd7 13. Qa4 Rb8 14. Rab1
Rb6 15. Be3 Nc5 16. Qa3 Rb8 17. Bxc5 dxc5 18. Rbd1 Qc8 19. b3 Qe6 20. f4 g5 21.
fxg5 Qe5 22. Qc1 Bd6 23. Rf3 Rbd8 24. Qc2 f6 25. gxf6 Rxf6 26. Rxf6 Qxf6 27.
Rd3 Re8 28. Ne2 Qa1+ 29. Kf2 Rf8+ 30. Rf3 Rxf3+ 31. gxf3 Qh1 32. Qc1 Qh2+ 33.
Ke3 Qxh3 34. Qg1+ Kf7 35. Qg5 Qh1 36. Qf5+ Ke8 37. e5 Be7 38. e6 Qh6+ 39. Nf4
Bf6 40. Qxc5 Qh4 41. Qxc6+ Kf8 42. Qc5+ Kg8 43. Qf5 Qe1+ 44. Ne2 Qh4 45. Qg4+
1-0

[Event "XIV MIEDZYNARODOWY FESTIWAL SZACHOWY PER"]
[Site "LAZY"]
[Date "2018.07.03"]
[Round "9.2"]
[White "Klepek, Witold"]
[Black "Cieslak, Wiktoria"]
[Result "1-0"]
[WhiteElo "2132"]
[BlackElo "1931"]
[PlyCount "111"]
[EventDate "2018.??.??"]

1. e4 c5 2. Nf3 e6 3. d4 cxd4 4. Nxd4 Nc6 5. Nb5 d6 6. c4 a6 7. N5c3 Nf6 8. Be2
Be7 9. O-O b6 10. Be3 O-O 11. f4 Bb7 12. Bf3 Qc7 13. Nd2 Rfd8 14. Rc1 Nb4 15.
Qe2 Rac8 16. a3 Nc6 17. b4 Nb8 18. Qf2 Nfd7 19. Na4 b5 20. Nb6 Nxb6 21. Bxb6
Qc6 22. e5 d5 23. Bxd8 Bxd8 24. c5 Qd7 25. Nb3 Nc6 26. Nd4 Be7 27. Be2 Nd8 28.
Qg3 f5 29. exf6 Bxf6 30. Rcd1 Bc6 31. Nf3 Qe7 32. Bd3 Be8 33. Rfe1 Bh5 34. Qh3
Bg6 35. f5 Be8 36. fxe6 g6 37. Bc2 Bc6 38. Bb3 Bg7 39. Bxd5 Bxd5 40. Rxd5 Rc6
41. Rd6 a5 42. Qg4 Bf6 43. Qe4 Rc7 44. Qd5 axb4 45. axb4 Kg7 46. Rd7 Rxd7 47.
exd7 Qf7 48. Qd6 Nb7 49. Qc7 Nd8 50. Qd6 Nb7 51. Qe6 Nd8 52. Qxf7+ Kxf7 53.
Ne5+ Ke6 54. Ng4+ Kxd7 55. Nxf6+ Kc6 56. Re8 1-0